Informatívna správa o činnosti odborových orgánov a organizácií okresu Košice-vidiek v období rokov 1976 - 1981

Bibliographic Details
Format: Book
Language:Slovak
PhysicalDescription:24 s. tab. 29 cm
Published: Košice Okresná odborová rada 1981
Edition:1. vyd.
Subjects:

MARC

LEADER 00000cam a2200000 a 4500
001 vtls001258418
003 SK-MaSNL
005 20260301234449.0
008 250313s1981 xo e 000 0 slo
015 |a SNBA1981 
035 |a SNK000209255 
035 |a urn:nbn:sk:snk-amjuce 
035 |a urn:nbn:sk:snk-am00817u 
035 |a 9D2BB186-0EE1-4828-9C26-F11A4FBE6BBD 
040 |a SNK  |b slo  |c SNK  |e AACR2 
041 0 |a slo 
044 |a xo  |c SK 
080 |a 331.881(437.671)"1976/1981"  |2 1981 
245 0 0 |a Informatívna správa o činnosti odborových orgánov a organizácií okresu Košice-vidiek v období rokov 1976 - 1981 
250 |a 1. vyd. 
260 |a Košice  |b Okresná odborová rada  |c 1981 
300 |a 24 s.  |b tab.  |c 29 cm 
500 |a Oficiálny dokument 
610 2 7 |a Revolučné odborové hnutie  |2 SNKKA  |9 36449 
648 7 |a r. 1976 - 1981  |2 SNKPH  |9 627512 
651 7 |a Košice-okolie (Slovensko : okres)  |2 SNKPH  |9 146743 
655 7 |a správy  |2 SNKPH  |9 70563 
852 |a Slovenská národná knižnica 
958 |a OND 
999 |c 970127  |d 972057 
952 |a SNK  |b SNK  |y PREZ  |7 0  |p 17A0992503  |o snkSB 33016  |i snkKSP 497/82  |0 0  |1 0  |4 0  |d 2014-11-28  |f 1  |l 0  |r 2025-04-07 00:00:00  |w 2026-02-24 
952 |a SNK  |b SNK  |y VYP  |7 0  |o snkSB 33016 D1  |i snkKSP 498/82  |0 0  |1 0  |4 0  |d 2014-11-28  |l 0  |r 2026-02-24 10:48:37  |w 2026-02-24